000 00833cam a2200289 4500
002 1525
008 090401t1996 xxu||||| |||| 00| 0 eng d
020 _a186081039X
035 _a(Sirsi) u59529
041 _aeng
050 _a690.25
100 _aBonshor, R.B.
245 _aCracking in buildings.
260 _aLondon
_bConstruction Research Communications Ltd
_c1996
300 _avi,102p. : ill. ; 30cm.
350 _a25
490 _aBRE Report
_v292
520 _aAn illustrated guide to the causes of cracking and designing to prevent cracking.
650 _aBUILT ENVIRONMENT-CONSTRUCTION DESIGN
650 _aCRACKS
650 _aMOVEMENT
690 _aBUILT ENVIRONMENT-BUILDING PATHOLOGY
700 _aBonshor, L.L.
710 _aBuilding Research Establishment
942 _n0
948 _c04/03/1997
999 _c94162
_d94162